<?xml version="1.0" encoding="UTF-8"?>
<collection xmlns="http://www.loc.gov/MARC21/slim">
 <record>
  <leader>03952nam a22002775a 4500</leader>
  <controlfield tag="001">EUN.eunm006499</controlfield>
  <controlfield tag="005">20181127090749.0</controlfield>
  <controlfield tag="008">041125s1994####ag#a#####bm###000#0#spa#d</controlfield>
  <datafield tag="082" ind1="0" ind2="4">
   <subfield code="a">040</subfield>
   <subfield code="2">15</subfield>
  </datafield>
  <datafield tag="082" ind1="0" ind2="4">
   <subfield code="a">551.49</subfield>
   <subfield code="2">15</subfield>
  </datafield>
  <datafield tag="100" ind1="1" ind2=" ">
   <subfield code="a">Albouy, Edgardo René.</subfield>
   <subfield code="4">dis</subfield>
  </datafield>
  <datafield tag="245" ind1="1" ind2="0">
   <subfield code="a">Hidrogeología de la cuenca superior del río Sauce Chico, Sierras australes, provincia de Buenos Aires /</subfield>
   <subfield code="c">Edgardo René Albouy.</subfield>
  </datafield>
  <datafield tag="260" ind1=" " ind2=" ">
   <subfield code="c">1994.</subfield>
  </datafield>
  <datafield tag="300" ind1=" " ind2=" ">
   <subfield code="a">155 p. :</subfield>
   <subfield code="b">il. ;</subfield>
   <subfield code="c">30 cm.</subfield>
  </datafield>
  <datafield tag="500" ind1=" " ind2=" ">
   <subfield code="a">Director de tesis: Guillermo Bonorino.</subfield>
  </datafield>
  <datafield tag="500" ind1=" " ind2=" ">
   <subfield code="a">&quot;Tesis Doctor en Geología&quot;.</subfield>
  </datafield>
  <datafield tag="502" ind1=" " ind2=" ">
   <subfield code="a">Tesis (doctoral)--Universidad Nacional del Sur. Departamento de Geología, 1994.</subfield>
  </datafield>
  <datafield tag="504" ind1=" " ind2=" ">
   <subfield code="a">Incluye referencias bibliográficas.</subfield>
  </datafield>
  <datafield tag="520" ind1=" " ind2=" ">
   <subfield code="a">El acuífero freático de la cuenca superior del río Sauce Chico, en la vertiente suroccidental de las Sierras Australes de la provincia de Buenos Aires, constituye un recurso subterráneo de interés como fuente de abastecimiento de agua para la región de Bahía Blanca.En este trabajo se formula el balance hidrológico general y se desarrolla el modelo hidrogeológico conceptual del acuífero y a partir del conocimiento de las condiciones geométricas e hidráulicas del sistema se construye un modelo matemático en régimen permanente que simula el flujo subterráneo en una porción de la capa freática  El estudio incluye, asimismo, un análisis de la hidroquímica superficial y subterránea y de las principales modificaciones químicas que se verificarían con la circulación del agua. Dentro de este marco se efectúa una caracterización de las variables hidrológicas precipitación, evapotranspiración, infiltración y escurrimiento superficial y se considera la incidencia de cada uno de estos procesos sobre las aguas subterráneas. Se tratan además los aspectos vinculados a la estratigrafía, tectónica, geomorfología y suelos de área y se hace un análisis de la influencia de estas condiciones sobre la hidrología subterránea de la cuenca.Se realiza un análisis hidroestratigráfico del subsuelo y se hace una caracterización cuantitativa de los parámetros hidráulicos de la formación que contiene el acuífero libre. Litológicamente el acuífero está constituído por sedimentos loéssicos acuíferos-acuitardos que conforman un sistema heterogéneo con un comportamiento hidráulico único  La recarga que recibe el sistema se debe esencialmente a la infiltración de las lluvias en las áreas morfológicamente más altas de la cuenca; desde aquí se verifica un flujo local hacia los sectores de descarga y una significativa transferencia subterránea de agua hacia la llanura próxima. La descarga del flujo acuífero se produce integramente en la red de drenaje superficial la cual excepto en las cabeceras de los tributarios (donde se manifiesta una clara tendencia influente) marca el punto de descarga natural del escurrimiento subterráneo que aporta un caudal perenne a los cauces.El valor de la infiltración eficaz en la cuenca representa un 15.5 por ciento de las precipitaciones y en base a este resultado se estima que el volumen de agua anualmente infiltrado promedia los 53 Hm3. El modelo matemático del flujo subterráneo reproduce satisfactoriamente el estado actual del acuífero y se convierte en una herramienta útil para predecir los niveles de agua y estudiar su comportamiento dinámico  Los análisis químicos efectuados permite calificar a las aguas superficiales y subterráneas del área como aptas para todo uso  DEPARTAMENTO DE GRADUADOS  Calificación de la defensa oral: Sobresaliente (10).</subfield>
  </datafield>
  <datafield tag="650" ind1=" " ind2="7">
   <subfield code="a">Geología.</subfield>
   <subfield code="2">unbist</subfield>
  </datafield>
  <datafield tag="650" ind1=" " ind2="7">
   <subfield code="a">Hidrogeología.</subfield>
   <subfield code="2">unbist</subfield>
  </datafield>
  <datafield tag="653" ind1=" " ind2=" ">
   <subfield code="a">Buenos Aires (Argentina : Provincia)</subfield>
  </datafield>
  <datafield tag="653" ind1=" " ind2=" ">
   <subfield code="a">Hidrogeología</subfield>
  </datafield>
  <datafield tag="700" ind1="1" ind2=" ">
   <subfield code="a">Bonorino, Alfredo Guillermo.</subfield>
   <subfield code="4">ths</subfield>
  </datafield>
  <datafield tag="859" ind1=" " ind2=" ">
   <subfield code="a">AR-BaUNS</subfield>
   <subfield code="b">BIB. CENTRAL - Tesis</subfield>
   <subfield code="h">040</subfield>
   <subfield code="i">B148 1994-269</subfield>
   <subfield code="k">R</subfield>
   <subfield code="p">104166/994</subfield>
  </datafield>
  <datafield tag="859" ind1=" " ind2=" ">
   <subfield code="a">AR-BaUNS</subfield>
   <subfield code="b">BIB. CENTRAL - Sector A - Tesis</subfield>
   <subfield code="h">040</subfield>
   <subfield code="i">B148 1994-269</subfield>
   <subfield code="p">104169/994</subfield>
  </datafield>
 </record>
</collection>
